| 000 | 01224nam a2200301Ia 4500 | ||
|---|---|---|---|
| 999 |
_c65260 _d65260 |
||
| 005 | 20240530110815.0 | ||
| 008 | 140319s2009 au a f b 000 0 ara d | ||
| 017 |
_a2009/21041 _bمصر. دار الكتب |
||
| 020 | _a9789774796512 | ||
| 040 |
_aGCL / _cGCL |
||
| 082 | 0 | 4 |
_221 _a792.0233 / _bم أ |
| 100 | 1 | _aميتر ، شوميت | |
| 245 | 1 | 0 |
_aاشهر خمسين مخرجا مسرحيا اساسيا / _cتحرير شوميت ميتر ؛ ترجمة محمد سيد على ؛ مراجعة على جمال الدين عزت |
| 250 | _aط.1 | ||
| 260 |
_aالقاهرة : _bوزارة الثقافة : مهرجان القاهرة الدولى للمسرح التجريبى، _c2009 . |
||
| 300 |
_a447 ص. : _bايض. ؛ _c24 سم. |
||
| 650 | 0 | 7 |
_aالمسرح _2qrmak |
| 650 | 0 | 7 | _aالاخراج المسرحى |
| 650 | 0 | 7 |
_aالسينما _2qrmak |
| 650 | 0 | 7 |
_aالمسرح _zالمانيا _2qrmak |
| 650 | 0 | 7 |
_aالتمثيل _2qrmak |
| 650 | 0 | 7 |
_aالمسرح _xتاريخ ونقد _2qrmak _zروسيا |
| 651 | _2qrmak | ||
| 700 | 0 |
_aمحمد سيد على _eمترجم |
|
| 700 | 0 |
_aعلى جمال الدين عزت _eمراجع |
|
| 942 |
_2ddc _cBK |
||